000 00487nam a22001697a 4500
999 _c9200
_d9200
008 210329b ||||| |||| 00| 0 eng d
040 _aBMS College of Architecture
100 _aD, Manasa
245 _aArts and crafts centre
300 _a31p.
500 _a1BM03AT014
502 _8B.Arch
_NBMS College of Architecture, Visvesvaraya Technological University
_aProject report
_d2007
650 _aArt
700 _aRama R S
_eGuide
700 _aSatish Rao
_eGuide
942 _2ddc
_cTHE